Seinfeld Bunker Quiz Stats

 Plays Quiz Updated May 5, 2019

Score 0/15 Timer 07:00
28 Plays Today
Hint Answer % Correct
????
100%
????
97.5%
????
93.4%
????
87.2%
????
75.6%
????
72%
????
67.6%
????
66.3%
Hint Answer % Correct
????
62.8%
????
49.8%
????
37.4%
????
32.4%
????
22.4%
????
9.7%
????
5.6%

You're not logged in!

Compare scores with friends on all Sporcle quizzes.
OR
Log In

Show Comments

Extras

Top Quizzes Today


Score Distribution

Your Account Isn't Verified!

In order to create a playlist on Sporcle, you need to verify the email address you used during registration. Go to your Sporcle Settings to finish the process.

Report this User

Report this user for behavior that violates our Community Guidelines.

Details: